Phase-Modulated Optical Communication Systems

Fiber-optic communication systems have revolutionized our telecommunication infrastructures – currently, almost all telephone land-line, cellular, and internet communications must travel via some form of optical fibers. In these transmission systems, neither the phase nor frequency of the optical si...

Full description

Bibliographic Details
Main Author: Ho, Keang-Po (Author)
Corporate Author: SpringerLink (Online service)
Format: Electronic eBook
Language:English
Published: Boston, MA : Springer US, 2005.
Subjects:
Online Access:Full Text via HEAL-Link
LEADER 03506nam a22005415i 4500
001 978-0-387-25555-2
003 DE-He213
005 20151204143854.0
007 cr nn 008mamaa
008 100301s2005 xxu| s |||| 0|eng d
020 |a 9780387255552  |9 978-0-387-25555-2 
024 7 |a 10.1007/b135576  |2 doi 
040 |d GrThAP 
050 4 |a QC350-467 
050 4 |a TA1501-1820 
050 4 |a QC392-449.5 
050 4 |a TA1750-1750.22 
072 7 |a TTB  |2 bicssc 
072 7 |a PHJ  |2 bicssc 
072 7 |a TEC030000  |2 bisacsh 
082 0 4 |a 621.36  |2 23 
100 1 |a Ho, Keang-Po.  |e author. 
245 1 0 |a Phase-Modulated Optical Communication Systems  |h [electronic resource] /  |c by Keang-Po Ho. 
264 1 |a Boston, MA :  |b Springer US,  |c 2005. 
300 |a XVI, 430 p.  |b online resource. 
336 |a text  |b txt  |2 rdacontent 
337 |a computer  |b c  |2 rdamedia 
338 |a online resource  |b cr  |2 rdacarrier 
347 |a text file  |b PDF  |2 rda 
505 0 |a Digital Modulation of Optical Carrier -- Coherent Optical Receivers and Ideal Performance -- Impairment to Optical Signal -- Nonlinear Phase Noise -- Compensation of Nonlinear Phase Noise -- Intrachannel Pulse-to-Pulse Interaction -- Wavelength-Division-Multiplexed DPSK Signals -- Multilevel Signaling -- Phase-Modulated Soliton Signals -- Capacity of Optical Channels. 
520 |a Fiber-optic communication systems have revolutionized our telecommunication infrastructures – currently, almost all telephone land-line, cellular, and internet communications must travel via some form of optical fibers. In these transmission systems, neither the phase nor frequency of the optical signal carries information – only the intensity of the signal is used. To transmit more information in a single optical carrier, the phase of the optical carrier must be explored. As a result, there is renewed interest in phase-modulated optical communications, mainly in direct-detection DPSK signals for long-haul optical communication systems. When optical amplifiers are used to maintain certain signal level among the fiber link, the system is limited by amplifier noises and fiber nonlinearities. Phase-Modulated Optical Communication Systems surveys this newly popular area, covering the following topics: The transmitter and receiver for phase-modulated coherent lightwave systems Method for performance analysis of phase-modulated optical signals Direct-detection DPSK signal with fiber nonlinearities, degraded by nonlinear phase noise and intrachannel effects Wavelength-division-multiplexed direct-detection DPSK signals Multi-level phase-modulated optical signals, such as the four-phase DQPSK signal Graduate students, professional engineers, and researchers will all benefit from this updated treatment of an important topic in the optical communications field. 
650 0 |a Physics. 
650 0 |a Optics. 
650 0 |a Optoelectronics. 
650 0 |a Plasmons (Physics). 
650 0 |a Engineering. 
650 0 |a Electrical engineering. 
650 1 4 |a Physics. 
650 2 4 |a Optics, Optoelectronics, Plasmonics and Optical Devices. 
650 2 4 |a Communications Engineering, Networks. 
650 2 4 |a Engineering, general. 
650 2 4 |a Electrical Engineering. 
710 2 |a SpringerLink (Online service) 
773 0 |t Springer eBooks 
776 0 8 |i Printed edition:  |z 9780387243924 
856 4 0 |u http://dx.doi.org/10.1007/b135576  |z Full Text via HEAL-Link 
912 |a ZDB-2-PHA 
950 |a Physics and Astronomy (Springer-11651)